MARC

LEADER 00000nam0a2200000 4500
001 19742
005 20231030191826.0
035 |a (RuTPU)RU\TPU\book\19911 
035 |a BOOK00019982 
090 |a 19742 
100 |a 20011209d1975 k y0rusy50 ca 
101 1 |a rus  |c lat 
102 |a RU 
105 |a y z 000zy 
200 1 |a Избранные сочинения  |e пер. с лат.  |f М. Т. Цицерон 
210 |a Москва  |c Художественная литература  |d 1975 
215 |a 456 с. 
225 1 |a Библиотека античной литературы  |i Рим 
610 1 |a философия 
610 1 |a история 
610 1 |a античная философия 
610 1 |a Древний Рим 
675 |a 87  |v 3 
700 1 |a Цицерон  |b М. Т.  |c римский политический деятель  |c оратор  |c писатель  |f 106-43 гг. до н. э.  |g Марк Туллий  |2 stltpui  |3 (RuTPU)RU\TPU\pers\628 
801 0 |a RU  |b 63413507  |c 20011209  |g PSBO 
801 2 |a RU  |b 63413507  |c 20110707  |g PSBO 
942 |c BK